Science Quiz

Random Science or Animal Quiz

Animal Cell Parts Quiz Stats

 Plays Quiz not verified by Sporcle

Challenge
Share
Tweet
Embed
Score 0/12 Timer 05:00
0 Plays Today
Function Cell Part % Correct
Control center of cell, creates DNA and RNANucleus
83.1%
Liquid that holds all cell organelles in place inside cellCytoplasm
79.5%
Produces energyMitochondria
74.1%
Controls movement of particles into and out of the cell, protects the cellCell Membrane
72.3%
Synthesizes proteinsRibosome
67.5%
Storage in cellVacuole
65.7%
Gets rid of waste in cellLysosome
60.8%
Small network that transports and processes proteins, lipids, and carbohydratesGolgi Apparatus
57.8%
Protects nucleus and controls movement of substances into and out of nucleusNuclear Membrane
56%
Produces ribosomesNucleolus
46.4%
Large network that transports and processes proteins, lipids, and carbohydratesEndoplasmic Reticulum
45.2%
Regulates cell division and cell cycleCentrosome
20.5%

You're not logged in!

Compare scores with friends on all Sporcle quizzes.
OR
Log In

You Might Also Like...

Show Comments

Extras

Created Apr 25, 2011ReportNominate
Tags:Animal Quiz, cell, function, location

Top Quizzes Today


Score Distribution

Your Account Isn't Verified!

In order to create a playlist on Sporcle, you need to verify the email address you used during registration. Go to your Sporcle Settings to finish the process.

Report this User

Report this user for behavior that violates our Community Guidelines.

Details: